000 00583nam a2200229Ia 4500
003 OSt
005 20220918205011.0
006 a|||||r|||| 00| 0
007 ta
008 220917b |||||||| |||| 00| 0 eng d
024 _a114,975
037 _cTextual
040 _aARTS
_cARTS
_beng
041 _2eng
_aeng
082 _aV6:4:N3, K0
100 _aBarnett Correlli
_998009
245 0 _aDesert generals
260 _aLondon
_bWilliam Kimber UK
_c1960
650 _aHISTORY
942 _hV6:4:N3, K0
_cTEXL
_2CC
999 _c238305
_d238305